000 00713 a2200181 4500
003 NUST
038 _aa
082 _aBEE-5
100 _aSyed Asadullah Hussain
_992176
245 _aImplementation of internet measurement tools (traceroute/reverse traceroute) for better understanding of internet topologies & improved performance
_cSyed Asadullah Hussain
260 _aIslamabad
_bNUST School of Electrical Engineering and Computer Science
_c2012
300 _a57p.
_b:ill.
_c:27cm.+
_eCD-ROM
500 _aSupervisors: Dr. Junaid Qadir, Dr. Adeel Baig
563 _aa
700 _aMuhammad Faizan Khalid
_992177
856 _uhttp://10.250.8.41:8080/xmlui/handle/123456789/10807
942 _cPR
_kBEE-5 ASA
_2ddc
999 _c11277
_d11277